00774 2200277 4500001002100000005001500021035002500036040001700061082001400078084001600092090001800108100001700126245008100143300003500224650001900259850001200278264003200290336002100322337003000343338002300373007000300396008004100399260003200440990001200472990001200484YOGYA-0209000001711720211019022526 a0010-020900000017117 aYOPPYOGbind04222a391.2 a391.2 JUD p aR 391.2 JUD p0 aJudi Achjadi10aPakaian daerah wanita Indonesia = Indonesia women's costumes /cJudi Achjadi ax, 115 hlm. :bilus. ;c24 cm. 4aPakaian daerah aYOPDYOG31aJakarta :bDjambatan,c1976 2rdacontentateks 2rdamediaatanpa perantara 2rdacarrieravolumeta090227s1976 jkia g ind d3 aJakarta :bDjambatan,c1976 a18029-A a18029-A